| 000 | 00672cam a2200193 a 4500 | ||
|---|---|---|---|
| 020 | _a0874211182 | ||
| 040 | _cDLC | ||
| 082 | 0 | 0 | _a636 AUS 1982 A045 Or. |
| 245 | 0 | 0 | _aCentral and Southeast Asia tables of feed composition / |
| 260 |
_aLogan, Utah, U.S.A. : _bInternational Feedstuffs Institute, Dept. of Animal, Dairy, and Veterinary Sciences, Utah State University ; _aBlacktown, N.S.W., Aus. : _bAustralian Feeds Information Centre, _cc1982. |
||
| 300 |
_aix, 513 p. ; _c29 cm. |
||
| 500 | _a"October 1982." | ||
| 650 | 0 | _aFeeds | |
| 650 | 0 | _aFeeds | |
| 650 | 0 | _aFeeds | |
| 700 | 1 | _aHarris, Lorin E., | |
| 710 | 2 | _aInternational Feedstuff Institute. | |
| 942 | _cEK | ||
| 999 |
_c13062 _d13062 |
||